2000'den günümüze Türkiye-Rusya ilişkilerinde Suriye faktörü/ (Record no. 66259)
| 000 -BAŞLIK | |
|---|---|
| Sabit Uzunluktaki Kontrol Alanı | 01567nam a22004337a 4500 |
| 001 - KONTROL NUMARASI | |
| Control Dosyası | T0000574 |
| 003 - KONTROL NUMARASI KİMLİĞİ | |
| Kontrol Alanı | KOHA_MİRAKIL |
| 005 - EN SON İŞLEM TARİHİ ve ZAMANI | |
| Kontrol Alanı | 20260207004620.0 |
| 007 - FİZİKSEL TANIM SABİT ALAN - GENEL BİLGİ | |
| Sabit uzunluklu kontrol alanı | ta |
| 008 - SABİT UZUNLUKTAKİ VERİ ÖGELERİ - GENEL BİLGİ | |
| Sabit Alan | 201112b2020 tu |||grm|||#0|||0|tur | |
| 040 ## - KATALOGLAMA KAYNAĞI | |
| Özgün Kataloglama Kurumu | TR-BiSEU |
| Kataloglama Dili | tur |
| Çeviri Kurumu | TR-BiSEU |
| Açıklama Kuralları | rda |
| 041 0# - DİL KODU | |
| Metin ya da ses kaydının dil kodu | tur |
| 044 ## - YAYINLAYAN/ÜRETEN KURULUŞUN ÜLKE KODU | |
| ISO country code | tu |
| 050 00 - SINIFLAMA ve YER NUMARASI | |
| Sınıflama Numarası | Tez |
| Yer Numarası | 574 |
| 100 1# - KİŞİ ADI | |
| Yazar Adı (Kişi adı) | Bektaş, Yılmaz. |
| 245 1# - ESER ADI BİLDİRİMİ | |
| Başlık | 2000'den günümüze Türkiye-Rusya ilişkilerinde Suriye faktörü/ |
| Sorumluluk Bildirimi | Yılmaz Bektaş ; Yılmaz Bektaş; danışman Yavuz Cankara. |
| 264 #1 - ÜRERİM, YAYIN, DAĞITIM ve TELİF BİLDİRİMİ | |
| Yayın yeri | Bilecik : |
| Yayınlayan | Bilecik Şeyh Edebali Üniversitesi |
| Yayın tarihi | 2020 |
| 300 ## - FİZİKSEL TANIMLAMA | |
| Sayfa, Cilt vb. | XI, 176 sayfa; 30 cm. + |
| Birlikteki Materyal | 1 CD-ROM |
| 336 ## - İÇERİK TÜRÜ | |
| Content type term | metin |
| Content type code | txt |
| Source | rdacontent |
| 337 ## - MEDYA TÜRÜ | |
| Media type term | aracısız |
| Media type code | n |
| Source | rdamedia |
| 338 ## - TAŞIYICI TÜRÜ | |
| Carrier type term | cilt |
| Carrier type code | nc |
| Source | rdacarrier |
| 490 0# - DİZİ BİLDİRİMİ | |
| Dizi Bildirimi | Ref. |
| 490 0# - DİZİ BİLDİRİMİ | |
| Dizi Bildirimi | No: 10213784 |
| 500 ## - GENEL NOT | |
| Genel Not | Kaynakça var. |
| 500 ## - GENEL NOT | |
| Genel Not | İngilizce Eser Adı: The Syria factor in Turkey-Russia relations from 2000 to present |
| 502 ## - TEZ NOTU | |
| Tez Notu | Tez (Yüksek Lisans) -- Bilecik Şeyh Edebali Üniversitesi Sosyal Bilimler Enstitüsü Siyaset Bilimi ve Kamu Yönetimi Anabilim Dalı, Bilecik, . |
| 650 #0 - KONU BAŞLIĞI EK GİRİŞ - KONU TERİMİ | |
| Konusal terim veya coğrafi ad | Türkiye Rusya ilişkileri. |
| 9 (RLIN) | 124025 |
| 650 #0 - KONU BAŞLIĞI EK GİRİŞ - KONU TERİMİ | |
| Konusal terim veya coğrafi ad | Suriye iç savaş. |
| 9 (RLIN) | 124026 |
| 650 #0 - KONU BAŞLIĞI EK GİRİŞ - KONU TERİMİ | |
| Konusal terim veya coğrafi ad | Arap baharı--Suriye. |
| 9 (RLIN) | 124027 |
| 650 #0 - KONU BAŞLIĞI EK GİRİŞ - KONU TERİMİ | |
| Konusal terim veya coğrafi ad | Türkiye Suriye ilişkileri--Türkiye. |
| 9 (RLIN) | 124028 |
| 650 #0 - KONU BAŞLIĞI EK GİRİŞ - KONU TERİMİ | |
| Konusal terim veya coğrafi ad | Rusya. |
| 9 (RLIN) | 80488 |
| 650 #0 - KONU BAŞLIĞI EK GİRİŞ - KONU TERİMİ | |
| Konusal terim veya coğrafi ad | The Aab spring. |
| 9 (RLIN) | 124029 |
| 650 #0 - KONU BAŞLIĞI EK GİRİŞ - KONU TERİMİ | |
| Konusal terim veya coğrafi ad | Syrian civil var. |
| 9 (RLIN) | 124030 |
| 650 #0 - KONU BAŞLIĞI EK GİRİŞ - KONU TERİMİ | |
| Konusal terim veya coğrafi ad | Turkey-Russia relations. |
| 9 (RLIN) | 124031 |
| 830 0# - SERİ EK GİRİŞİ - TEKBİÇİM ESER ADI | |
| Tekbiçim Başlık | Ref. |
| 9 (RLIN) | 123605 |
| 830 0# - SERİ EK GİRİŞİ - TEKBİÇİM ESER ADI | |
| Tekbiçim Başlık | No: 10213784 |
| 9 (RLIN) | 124032 |
| 856 40 - ELEKTRONİK YER ve ERİŞİM | |
| Kaynak Tanımlayıcı (URL) | <a href="http://acikkaynak.bilecik.edu.tr/xmlui/handle/11552/1440">http://acikkaynak.bilecik.edu.tr/xmlui/handle/11552/1440</a> |
| 907 ## - LOCAL DATA ELEMENT G, LDG (RLIN) | |
| a | Yüksek Lisans |
| 942 ## - EK GİRİŞ ÖGELERİ (KOHA) | |
| Source of classification or shelving scheme | Library of Congress Classification |
| Koha item type | Thesis |
| Materyal Türü | Kalıcı Konum | Mevcut Konum | Raf Yeri | Sınıflandırma Kaynağı | Edinim Bilgisi | Yer Numarası | Demirbaş Numarası | Fatura Tarihi | Geri Çekilme Durumu | Kayıp Durumu | Hasarlı Durumu | Kredi için değil | Kayıt Tarih | Toplam Ödünçverme | Son Görülme Tarihi | Son Kontrol Tarihi |
|---|---|---|---|---|---|---|---|---|---|---|---|---|---|---|---|---|
| Thesis | Prof. Dr. Azmi Özcan Kütüphanesi | Prof. Dr. Azmi Özcan Kütüphanesi | Depo | Library of Congress Classification | Bağış | Tez/574 | T0000574 | 02/02/2026 | 12/11/2020 | 05/12/2024 | 05/12/2024 |
